Southville International School and Colleges
Your cart is empty.
  • Cart
  • Lists
    Public lists Eva Luna New books Lux_list list_1
    Your lists Log in to create your own lists
  • Log in to your account
  • Your cookies
  • Search history
Southville International School and Colleges
  • Advanced search
  • Recent comments
  • Most popular
  • Libraries

Log in to your account

Log in with GOOGLE


If you do not have an external account, but do have a local account, you can still log in:

  1. Home
  2. MARC view: The night manager /
Normal view MARC view ISBD view

The night manager / (Record no. 11839)

[ view plain ]
MARC details
000 -LEADER
fixed length control field 00543nam a22002057a 4500
003 - CONTROL NUMBER IDENTIFIER
control field SISC
005 - DATE AND TIME OF LATEST TRANSACTION
control field 20160302092616.0
008 - FIXED-LENGTH DATA ELEMENTS--GENERAL INFORMATION
fixed length control field 130320t xxu||||| |||| 00| 0 eng d
020 ## - INTERNATIONAL STANDARD BOOK NUMBER
International Standard Book Number 9780340592816
050 ## - LIBRARY OF CONGRESS CALL NUMBER
Classification number PR 6062.E33
Item number .L456 1993
082 ## - DEWEY DECIMAL CLASSIFICATION NUMBER
Classification number FIC
Item number L49n 1993
100 ## - MAIN ENTRY--PERSONAL NAME
Personal name le Carre, John
9 (RLIN) 20382
245 ## - TITLE STATEMENT
Title The night manager /
Statement of responsibility, etc John le Carre.
250 ## - EDITION STATEMENT
Edition statement 1st ed.
260 ## - PUBLICATION, DISTRIBUTION, ETC. (IMPRINT)
Place of publication, distribution, etc London :
Name of publisher, distributor, etc Hodder & Stoughton,
Date of publication, distribution, etc 1993.
300 ## - PHYSICAL DESCRIPTION
Extent 443 p. :
Dimensions 24 cm.
650 ## - SUBJECT ADDED ENTRY--TOPICAL TERM
Topical term or geographic name as entry element Spy stories.
9 (RLIN) 19445
942 ## - ADDED ENTRY ELEMENTS (KOHA)
Source of classification or shelving scheme Library of Congress Classification
Koha item type Books
Holdings
Withdrawn status Lost status Source of classification or shelving scheme Damaged status Home library Current library Shelving location Date acquired Source of acquisition Total Checkouts Full call number Barcode Date last seen Copy number Price effective from Koha item type
    Library of Congress Classification   Luxembourg Library Luxembourg Library High School Section 09/20/2013 Donation   PR 6062.E33 .L456 1993 7020 10/16/2015 1 09/20/2013 Books

The night manager /

APA

le Carre J., . (1993). The night manager. London: Hodder & Stoughton.

Chicago

le Carre John, . 1993. The night manager. London: Hodder & Stoughton.

Harvard

le Carre J., . (1993). The night manager. London: Hodder & Stoughton.

MLA

le Carre John, . The night manager. London: Hodder & Stoughton. 1993.

  • Place hold
  • Print
  • Cite
  • Add to your cart (remove)
  • Save record
    BIBTEX Dublin Core MARCXML MARC (non-Unicode/MARC-8) MARC (Unicode/UTF-8) MARC (Unicode/UTF-8, Standard) MODS (XML) RIS
  • More searches
    Search for this title in:
    Other Libraries (WorldCat) Other Databases (Google Scholar) Online Stores (Bookfinder.com) Open Library (openlibrary.org)

Exporting to Dublin Core...

SOUTHVILLE LIBRARY

Southville International School and Colleges Library

1281 Tropical Ave. Cor. Luxembourg St., BF Homes International, Las Pinas City

Tel. No. 8256374 / 252358 Loc. 117/146

Powered by Koha